00939nam a22002177a 4500003000400000005001700004008004100021020001500062040000700077100002400084245010500108260004400213300001900257504003300276505029400309650002400603650002600627650002200653650002300675650002300698OSt20191029062537.0180320b xxu||||| |||| 00| 0 spa d a9502006593 cPJ aDi Giovan, Ileana 10aDerecho internacional económico :by relaciones económicas internacionales /cIleana Di Giovan.  aBuenos Aires :bAbeledo-Perrot, c1992. a604 p.c23 cm. aBibliografía: p. 673-677.  aContiene: La estructura del comercio internacional -- Los mercados -- El sistema monetario y financiero -- Tratados y acuerdos económicos -- Modelos de contratos -- Los instrumentos de asistencia financiera externa y de refinanciación de deudas -- Sanciones y represalias -- Arbitraje. 0aECONOMIA Y FINANZAS 0aDERECHO INTERNACIONAL 0aCOMERCIO EXTERIOR 0aSISTEMA FINANCIERO 0aPOLITICA MONETARIA